00592nam a2200169Ia 450000500170000000800410001702000130005808200130007110000180008424500430010226000470014530000130019250001010020594200060030695200950031299900150040720250624024236.0240331s9999 xx 000 0 und d a13910620 bJAYa330 aJayathilake,R 0aGoleeyakaranaya saha grameeya kanthawa aColombobSociety and Religion Centrec2000 a102 p ., aGlobalization and the rural woman - a case study conducted in two villages in the Galle District cL 001040708LaWERCLbWERCLcSSCd2024-03-31l0o 330 JAYp4551r2024-03-31w2024-03-31yL c4566d4566